Movies Quiz

Random Movies or Letter Quiz

Disney Characters (A-Z) Quiz Stats

 Plays Quiz Updated Mar 19, 2020

Support Sporcle.
Go Orange.
Score 0/25 Timer 06:00
20 Plays Today
Letter Character % Correct
DDumbo
97.7%
AAriel
97.3%
CCinderella
97.1%
WWall-E
84%
NNala
79.4%
SSneezy
79.2%
BBaloo
78.9%
JJane
77.7%
UUrsula
76.8%
OOwl
73.5%
LLightning McQueen
68.4%
VViolet
63.1%
TTweedle Dee and Tweedle Dum
63%
Letter Character % Correct
IIago
57.6%
QQuasimodo
56.4%
ZZazu
54.7%
EEsmeralda
52.9%
MMaid Marian
46.3%
HHermes
45.1%
YYzma
39.9%
RRajah
34.2%
KKoda
29.4%
PPacha
24.3%
FFungus
9%
GGideon
6.5%

From the Vault

Retired College Logos

by Hejman

Sports 4m
Although the nostalgia is definitely kicking in, the majority of these logos are downright scary!
Remove Ads.
Support Sporcle.
Get the best of Sporcle when you Go Orange. This ad-free experience offers more features, more stats, and more fun while also helping to support Sporcle. Thank you for becoming a member.

Show Comments

Extras

Top Quizzes Today


Score Distribution

Your Account Isn't Verified!

In order to create a playlist on Sporcle, you need to verify the email address you used during registration. Go to your Sporcle Settings to finish the process.

Report this User

Report this user for behavior that violates our Community Guidelines.

Details: